Normal view MARC view
  • Christie A

Entry Personal Name

Number of records used in: 4

001 - CONTROL NUMBER

  • control field: 114453

003 - CONTROL NUMBER IDENTIFIER

  • control field: OSt

005 - DATE AND TIME OF LATEST TRANSACTION

  • control field: 20230125044718.0

008 - FIXED-LENGTH DATA ELEMENTS

  • fixed length control field: 230125|| aca||aabn | a|a d

040 ## - CATALOGING SOURCE

  • Original cataloging agency: OSt
  • Transcribing agency: OSt

100 ## - HEADING--PERSONAL NAME

  • Personal name: Christie A

670 ## - SOURCE DATA FOUND

  • Source citation: Work cat.: (OSt)91864: Christie A, Hercule poirot -The complete short stories, 2001